Sports Quiz

Random Sports or NBA Quiz

Big 4 Multiple MVPs Quiz Stats

 Plays Quiz Updated Feb 3, 2018

Challenge
Share
Tweet
Embed
Score 0/68 Timer 07:00
1 Play Today
Player % Correct
Michael Jordan
94.9%
Peyton Manning
84.1%
LeBron James
83.5%
Wayne Gretzky
83%
Magic Johnson
81.2%
Barry Bonds
75.6%
Larry Bird
75.5%
Tom Brady
74.8%
Kareem Abdul-Jabbar
70.1%
Wilt Chamberlain
68.1%
Alex Rodriguez
65.4%
Bill Russell
64.1%
Brett Favre
63.8%
Joe Montana
63.4%
Mickey Mantle
55.1%
Sidney Crosby
54.2%
Stephen Curry
53.6%
Albert Pujols
52.9%
Steve Nash
51.6%
Karl Malone
50.8%
Moses Malone
50.6%
Ted Williams
49%
Mario Lemieux
48.6%
Frank Robinson
48%
Frank Robinson
47.9%
Bobby Orr
47.8%
Steve Young
47.6%
Tim Duncan
46.8%
Gordie Howe
45.4%
Joe DiMaggio
44.8%
Willie Mays
43.9%
Aaron Rodgers
43.7%
Mike Trout
42.5%
Bobby Hull
40.6%
Player % Correct
Frank Thomas
39.1%
Mark Messier
36.2%
Alexander Ovechkin
36%
Miguel Cabrera
35.7%
Yogi Berra
34.2%
Cal Ripken, Jr.
32.7%
Mike Schmidt
32.4%
Jim Brown
31.4%
Stan Musial
30.5%
Johnny Bench
28.1%
Johnny Unitas
27.1%
Roger Maris
24.8%
Joe Morgan
22.7%
Jimmie Foxx
20.9%
Ernie Banks
20.7%
Juan Gonzalez
19.7%
Kurt Warner
19%
Dale Murphy
18.5%
Bob Pettit
18.5%
Robin Yount
18.2%
Phil Esposito
18.1%
Dominik Hasek
17.3%
Roy Campanella
15.5%
Guy Lafleur
14.6%
Stan Mikita
11.8%
Bobby Clarke
11.7%
Hank Greenberg
11.2%
Hal Newhouser
8.2%
Jean Beliveau
7.5%
Eddie Shore
6.1%
Carl Hubbell
4.8%
Howie Morenz
4.5%
Nels Stewart
3%
Bill Cowley
2.5%

You're not logged in!

Compare scores with friends on all Sporcle quizzes.
OR
Log In

You Might Also Like...

Show Comments

Extras

Top Quizzes Today


Score Distribution

Your Account Isn't Verified!

In order to create a playlist on Sporcle, you need to verify the email address you used during registration. Go to your Sporcle Settings to finish the process.

Report this User

Report this user for behavior that violates our Community Guidelines.

Details: